| 000 | 00981nam a22002537a 4500 | ||
|---|---|---|---|
| 005 | 20240530110512.0 | ||
| 008 | 151215s2013 ua g b 000 0 ara d | ||
| 017 |
_a2012/7085 _bمصر . دار الكتب المصرية |
||
| 020 | _a9789773279573 | ||
| 040 | _aEG-CaGPL | ||
| 082 | 0 | 4 |
_221 _a363.7\ _bس ع |
| 100 | 0 | _aسلوى عبدالله عبدالجواد | |
| 245 | 1 | 2 |
_aالعشوائيات من منظور الخدمة الاجتماعية / _cسلوى عبدالله عبدالجواد |
| 250 | _aط1 | ||
| 260 |
_aالاسكندرية : _bدار الوفاء للطباعة و النشر ، _c2013 . |
||
| 300 |
_a459 ص ؛ _c24 سم . |
||
| 504 | _aيشتمل على ارجاعات ببليوجرافية | ||
| 650 | 0 | 4 | _aالخدمة الاجتماعية |
| 650 | 0 | 4 | _aالعشوائيات |
| 650 | 0 | 4 | _aالمجتمعات الحضرية |
| 650 | 0 | 4 | _aالارشاد الاجتماعى |
| 942 |
_2ddc _cBK |
||
| 999 |
_c61712 _d61712 |
||